00000000nam 2200000za 4500
0019.572972
003CaOODSP
00520221107134028
007cr |||||||||||
008150406s1999    onc|||||o    f00| 0 eng d
040 |aCaOODSP|beng
043 |an-cn---
0861 |aM22-132/7-1999E-PDF
1101 |aCanada. |bNatural Resources Canada.
24510|aOptions report |h[electronic resource] : |boptions for the Forest Sector to contribute to Canada's National Implementation Strategy for the Kyoto Protocol / |cForest Sector Table.
24627|aForest Sector Table options report
260 |aOttawa : |bThe Table,|c1999.
300 |a167p.|bfigs., graph, references, tables
500 |a"National Climate Change Process", "November 1999".
500 |a"This Report was prepared by the Forest Sector Table with the assistance of the Canadian Forest Service of NaturalResources Canada and Environment Canada."--Preface.
590 |a12-10-Supp|b2012-03-23
7101 |aNational Climate Change Secretariat (Canada).|bForest Sector Table.
77508|tRapport sur les options |w(CaOODSP)9.603216
7760#|tForest sector / |w(CaOODSP)9.615171
85640|ahttp://publications.gc.ca|qPDF|s863 KB|uhttps://publications.gc.ca/collections/Collection/M22-132-7-1999E.pdf